[Event "IX Open Primavera"]
[Site "Robecchetto con Induno ITA"]
[Date "2012.04.26"]
[Round "3"]
[White "Colombo, Angelo D."]
[Black "Ruggeri, Igor"]
[Result "1/2-1/2"]
[WhiteElo "1473"]
[BlackElo "1533"]
[PlyCount "110"]
[EventDate "2012.04.12"]

1. e4 c5 2. Bc4 Nc6 3. a3 Nf6 4. Nc3 g6 5. d3 Bg7 6. Nge2 O-O 7. O-O a6 8. Ng3
e6 9. Bg5 h6 10. Bf4 d5 11. Ba2 e5 12. Bd2 Be6 13. exd5 Nxd5 14. Nce4 b6 15.
Qc1 Kh7 16. c4 Nde7 17. Qc2 Nd4 18. Qb1 f5 19. Nc3 f4 20. Nge2 Nxe2+ 21. Nxe2
f3 22. Ng3 fxg2 23. Kxg2 Qd7 24. Kg1 Nf5 25. Bb3 Nd4 26. Bd1 Nf3+ 27. Bxf3 Rxf3
28. Be3 Bh3 29. Qc2 Bxf1 30. Rxf1 Qg4 31. Kg2 Raf8 32. b4 Qc8 33. Kh1 Qh3 34.
Kg1 Qc8 35. Kh1 Qc6 36. Kg1 h5 37. Ne4 Qd7 38. Ng5+ Kh8 39. Nxf3 Qg4+ 40. Kh1
Qxf3+ 41. Kg1 h4 42. Rb1 h3 43. Kf1 Qg2+ 44. Ke1 Qg1+ 45. Kd2 Qxh2 46. Rf1 Qg2
47. Qb1 h2 48. bxc5 Bh6 49. Bxh6 Rxf2+ 50. Rxf2 Qxf2+ 51. Kc3 Qg1 52. Qxb6 Qa1+
53. Kc2 Qa2+ 54. Kc3 Qa1+ 55. Kc2 Qa2+ 1/2-1/2

[Event "IX Open Primavera"]
[Site "Robecchetto con Induno ITA"]
[Date "2012.04.26"]
[Round "3"]
[White "Colombo, Maurizio"]
[Black "Testa, Loris"]
[Result "1/2-1/2"]
[WhiteElo "1745"]
[BlackElo "1887"]
[PlyCount "32"]
[EventDate "2012.04.12"]

1. d4 d5 2. c4 c6 3. Nf3 Nf6 4. Nc3 e6 5. e3 Bd6 6. Bd3 dxc4 7. Bxc4 b5 8. Bd3
Bb7 9. O-O O-O 10. Qe2 Nbd7 11. Rd1 Qc7 12. e4 e5 13. d5 b4 14. dxc6 Bxc6 15.
Nb5 Bxb5 16. Bxb5 Nc5 1/2-1/2

[Event "IX Open Primavera"]
[Site "Robecchetto con Induno ITA"]
[Date "2012.04.26"]
[Round "3"]
[White "Macchiettini, Pierangelo"]
[Black "Novi', Giuseppe"]
[Result "0-1"]
[WhiteElo "1701"]
[BlackElo "1810"]
[PlyCount "82"]
[EventDate "2012.04.12"]

1. d4 e6 2. c4 c5 3. d5 d6 4. Nc3 Nf6 5. e4 Be7 6. Be2 O-O 7. dxe6 Bxe6 8. Nf3
Nc6 9. O-O a6 10. a3 Qc7 11. Be3 Rfd8 12. Qc2 Rab8 13. Rad1 Ng4 14. Bf4 Nge5
15. Nxe5 dxe5 16. Be3 Nd4 17. Bxd4 cxd4 18. Nd5 Bxd5 19. exd5 b5 20. Rc1 bxc4
21. Bxc4 Rbc8 22. Qe4 Qd6 23. a4 a5 24. b3 g6 25. f4 Bf6 26. fxe5 Bxe5 27. h3
Re8 28. Qf3 f6 29. Kh1 Kg7 30. Bb5 Rxc1 31. Rxc1 Re7 32. Bc4 Bf4 33. Rd1 Re3
34. Qf1 Qe5 35. Qf2 Qe4 36. Kg1 Rxb3 37. Kf1 Rc3 38. Qxd4 Rxc4 39. Qa7+ Rc7 40.
Qxa5 Rc2 41. Qa7+ Kh6 0-1

[Event "IX Open Primavera"]
[Site "Robecchetto con Induno ITA"]
[Date "2012.04.26"]
[Round "3"]
[White "Merlotti, Marco"]
[Black "Vada, Riccardo"]
[Result "1-0"]
[WhiteElo "1734"]
[BlackElo "1440"]
[PlyCount "73"]
[EventDate "2012.04.12"]

1. d4 d5 2. c4 e6 3. Nc3 Nf6 4. cxd5 exd5 5. Bg5 Be7 6. Qc2 O-O 7. e3 c5 8.
dxc5 Nc6 9. a3 Bxc5 10. Bxf6 Qxf6 11. Nxd5 Qg5 12. Qxc5 Be6 13. Ne7+ Qxe7 14.
Qxe7 Nxe7 15. Nf3 Rac8 16. Nd4 Bd5 17. f3 Nc6 18. Nxc6 Rxc6 19. Bd3 Re8 20. Ke2
Rec8 21. Kd2 Bc4 22. Bxc4 Rxc4 23. Rac1 Rd8+ 24. Ke2 Ra4 25. Rhd1 Rf8 26. Rc7
b5 27. Rb7 a6 28. Rbd7 a5 29. R1d4 b4 30. axb4 Ra2 31. bxa5 Rxb2+ 32. Rd2 Rb5
33. a6 Ra5 34. a7 Re8 35. Rb2 Rc5 36. Rb8 Rcc8 37. Rxc8 1-0

[Event "IX Open Primavera"]
[Site "Robecchetto con Induno ITA"]
[Date "2012.04.26"]
[Round "3"]
[White "Minore, Antonino"]
[Black "Libutti, Michele"]
[Result "0-1"]
[WhiteElo "1335"]
[BlackElo "1752"]
[PlyCount "94"]
[EventDate "2012.04.12"]

1. c4 Nf6 2. Nc3 c6 3. d4 d5 4. e3 e6 5. Bd2 Nbd7 6. Qc2 Be7 7. O-O-O O-O 8. f3
dxc4 9. Bxc4 Nb6 10. Be2 Nbd5 11. Bd3 Nb4 12. Qb1 Bd7 13. Nge2 b5 14. Ne4 Nxd3+
15. Qxd3 Nd5 16. N4c3 Qb6 17. Nxd5 cxd5 18. Kb1 b4 19. b3 Bb5 20. Qc2 Bxe2 21.
Rc1 Ba6 22. Kb2 Rfc8 23. Qb1 Qb5 24. Ka1 Qd3 25. Qb2 Rxc1+ 26. Rxc1 Rc8 27.
Rxc8+ Bxc8 28. f4 Ba6 29. g4 Qf1+ 30. Bc1 Bd3 31. Qd2 f6 32. h4 Bd6 33. h5 e5
34. a4 bxa3 35. Ka2 Qe2 36. Qxe2 Bxe2 37. Bxa3 Bxa3 38. Kxa3 exf4 39. exf4 Bxg4
40. Kb4 Bxh5 41. Kc5 Bf3 42. b4 h5 43. Kb5 h4 44. Ka6 h3 45. b5 Be2 46. Ka5 h2
47. b6 axb6+ 0-1

[Event "IX Open Primavera"]
[Site "Robecchetto con Induno ITA"]
[Date "2012.04.26"]
[Round "3"]
[White "Moroni, Luca"]
[Black "Melino, Gianluca"]
[Result "1/2-1/2"]
[WhiteElo "1801"]
[BlackElo "1731"]
[PlyCount "52"]
[EventDate "2012.04.12"]

1. Nf3 g6 2. d4 Bg7 3. Bf4 d6 4. e3 Nf6 5. h3 b6 6. c3 O-O 7. Bc4 Bb7 8. O-O
Nbd7 9. Nbd2 c5 10. a4 a6 11. Re1 h6 12. Bh2 Ne4 13. Qc2 Nxd2 14. Qxd2 Nf6 15.
Qe2 Ne4 16. Rad1 Qc8 17. Nh4 Kh7 18. Bd3 Nf6 19. f4 Be4 20. Rf1 Bxd3 21. Qxd3
c4 22. Qc2 d5 23. Nf3 Ne4 24. Nd2 Nd6 25. g4 f5 26. g5 h5 1/2-1/2

[Event "IX Open Primavera"]
[Site "Robecchetto con Induno ITA"]
[Date "2012.04.26"]
[Round "3"]
[White "Nava, Mario"]
[Black "Buratti, Roberto"]
[Result "0-1"]
[WhiteElo "1368"]
[BlackElo "1726"]
[PlyCount "82"]
[EventDate "2012.04.12"]

1. e3 e5 2. c4 Nf6 3. Nc3 d5 4. cxd5 Nxd5 5. e4 Nxc3 6. bxc3 c5 7. Nf3 Bd6 8.
Bc4 O-O 9. O-O Nc6 10. d3 Bg4 11. h3 Bh5 12. Bg5 Qa5 13. g4 Bg6 14. Nh4 b5 15.
Bd5 Rac8 16. Nxg6 hxg6 17. Qd2 Ne7 18. Bxe7 Bxe7 19. Kg2 Qd8 20. f4 Qd6 21. Qf2
exf4 22. Qxf4 Qxf4 23. Rxf4 Bf6 24. Rc1 Bg5 25. Rcf1 Bxf4 26. Rxf4 b4 27. cxb4
cxb4 28. Bb3 Rc3 29. Rf3 g5 30. Kg3 g6 31. e5 Kg7 32. Bc4 a5 33. Rf6 a4 34. Ra6
b3 35. Rxa4 b2 36. Rb4 Rc8 37. Rxb2 R8xc4 38. Rd2 Rd4 39. a4 Rdxd3+ 40. Rxd3
Rxd3+ 41. Kg2 Ra3 0-1

[Event "IX Open Primavera"]
[Site "Robecchetto con Induno ITA"]
[Date "2012.04.26"]
[Round "3"]
[White "Ongaro, Andrea"]
[Black "Trenti, Alessandro"]
[Result "1/2-1/2"]
[WhiteElo "1555"]
[BlackElo "1780"]
[PlyCount "24"]
[EventDate "2012.04.12"]

1. e4 Nf6 2. e5 Nd5 3. d4 d6 4. Nf3 Bg4 5. Be2 e6 6. c4 Nb6 7. Nc3 Nc6 8. b3
Be7 9. Be3 O-O 10. O-O dxe5 11. dxe5 Nd7 12. Bf4 Rb8 1/2-1/2

[Event "IX Open Primavera"]
[Site "Robecchetto con Induno ITA"]
[Date "2012.04.26"]
[Round "3"]
[White "Ragoso, Mario"]
[Black "Marchesotti, Giovanni"]
[Result "1-0"]
[WhiteElo "1646"]
[BlackElo "1572"]
[PlyCount "101"]
[EventDate "2012.04.12"]

1. e4 c5 2. c3 Nf6 3. e5 Nd5 4. d4 cxd4 5. Nf3 Nc6 6. cxd4 e6 7. Bc4 Qb6 8. O-O
Be7 9. a3 O-O 10. b4 a6 11. Bxd5 exd5 12. Nc3 d6 13. Nxd5 Qd8 14. Nxe7+ Nxe7
15. Bf4 Ng6 16. Bg3 dxe5 17. dxe5 Qe7 18. Qc2 Bg4 19. Rfe1 Bxf3 20. gxf3 Rac8
21. Qe4 Rc6 22. h4 Re6 23. h5 Nxe5 24. Bxe5 Re8 25. f4 f6 26. Qc4 fxe5 27. Rxe5
Kh8 28. Rxe6 Qxe6 29. Qxe6 Rxe6 30. Rc1 Kg8 31. Rc7 b5 32. Kg2 Rh6 33. Ra7 Rc6
34. Kf3 Rc3+ 35. Ke4 Rxa3 36. Kd5 h6 37. Kc6 Rf3 38. Rxa6 Rxf4 39. Kxb5 Rf5+
40. Kc6 Rf6+ 41. Kb7 Rf7+ 42. Kb6 Rf6+ 43. Ka5 Rf5+ 44. b5 Rxh5 45. Ra7 Rf5 46.
Ka6 Rxf2 47. b6 Rf6 48. Rc7 h5 49. Ka7 h4 50. b7 Rf8 51. Rc8 1-0

[Event "IX Open Primavera"]
[Site "Robecchetto con Induno ITA"]
[Date "2012.04.26"]
[Round "3"]
[White "Santarelli, Sabatino"]
[Black "Redamante, Marzio"]
[Result "0-1"]
[WhiteElo "1614"]
[BlackElo "1462"]
[PlyCount "88"]
[EventDate "2012.04.12"]

1. e4 e6 2. b3 d5 3. e5 c5 4. Nf3 Nc6 5. Bb5 Bd7 6. Be2 Nge7 7. Bb2 Nf5 8. O-O
Be7 9. c3 O-O 10. Bd3 Nh6 11. Bc2 Qc7 12. d4 cxd4 13. cxd4 f6 14. Ba3 Bxa3 15.
Nxa3 fxe5 16. Rc1 e4 17. Ne5 a6 18. Bb1 Nf7 19. Ng4 Qf4 20. g3 Qg5 21. Nc2 Nd6
22. Nce3 Nb5 23. h4 Qe7 24. Nc2 Qd6 25. a4 Na3 26. Nxa3 Qxa3 27. Ne5 Be8 28.
Nxc6 Bxc6 29. Rc5 Rf3 30. Bc2 Raf8 31. Qe1 Qb2 32. Qb4 e5 33. Bd1 Rxf2 34. Rc2
Rxf1+ 35. Kh2 R1f2+ 36. Kh3 Rxc2 37. Bxc2 Qxc2 38. Qd6 Qf2 39. dxe5 Qf5+ 40.
Kg2 e3 41. e6 d4+ 42. Kh2 Qf2+ 43. Kh3 Bg2+ 44. Kg4 Qf5# 0-1

[Event "IX Open Primavera"]
[Site "Robecchetto con Induno ITA"]
[Date "2012.04.26"]
[Round "3"]
[White "Sartorio, Alessandro"]
[Black "Madaschi, Sergio"]
[Result "0-1"]
[WhiteElo "1233"]
[BlackElo "1569"]
[PlyCount "110"]
[EventDate "2012.04.12"]

1. e4 c5 2. Nf3 d6 3. Nc3 Nc6 4. d4 cxd4 5. Nxd4 Bd7 6. Bb5 Qc7 7. Bf4 e5 8.
Nxc6 bxc6 9. Bxe5 dxe5 10. Bc4 Nf6 11. Qf3 Bc5 12. O-O-O Bg4 13. Qg3 O-O 14. f3
Bh5 15. Na4 Be3+ 16. Kb1 Rab8 17. Rhe1 Bb6 18. Nxb6 axb6 19. Rd4 c5 20. Rd3
Rfd8 21. Qf2 Bg6 22. Red1 Rxd3 23. Rxd3 Rd8 24. Qd2 Rxd3 25. Qxd3 Qd7 26. Qe2
Qd6 27. g4 h6 28. h4 Nd7 29. h5 Bh7 30. Bd5 g5 31. Qd3 Kg7 32. Qb3 Bg8 33. a3
Nf6 34. Bc4 Nd7 35. Ka2 Nf8 36. Ka1 Kf6 37. Be2 Ne6 38. Bd3 Nd4 39. Qa4 Nxf3
40. Qa8 Kg7 41. Qd5 Qxd5 42. exd5 f6 43. d6 Be6 44. Bc4 Bd7 45. Bd5 Nh2 46. c4
Nxg4 47. b4 Ne3 48. Kb2 Nxd5 49. cxd5 g4 50. bxc5 bxc5 51. Kc3 g3 52. Kc4 g2
53. Kxc5 g1=Q+ 54. Kc4 Qd4+ 55. Kb3 Qxd5+ 0-1

[Event "IX Open Primavera"]
[Site "Robecchetto con Induno ITA"]
[Date "2012.04.30"]
[Round "4"]
[White "Frignani, Alessandro"]
[Black "Sartorio, Alessandro"]
[Result "1-0"]
[WhiteElo "1292"]
[BlackElo "1233"]
[PlyCount "95"]
[EventDate "2012.04.12"]

1. e4 e5 2. Bc4 Nf6 3. f3 Bc5 4. c3 O-O 5. Qe2 d5 6. exd5 Nxd5 7. Bxd5 Qxd5 8.
b4 Bxg1 9. Rxg1 Re8 10. Kf1 Nc6 11. d3 Bf5 12. Ke1 Bxd3 13. Qe3 Ba6 14. Kf2 e4
15. f4 Ne5 16. fxe5 Rxe5 17. g3 Bd3 18. Rd1 Rf5+ 19. Kg2 Qc4 20. Bd2 Be2 21.
Re1 Bf3+ 22. Kg1 Qc6 23. Rf1 Rh5 24. Na3 Qg6 25. Nc2 f5 26. Nd4 f4 27. Qxf4 Qg4
28. Qxg4 Bxg4 29. Rf4 Bd7 30. Rxe4 Be8 31. Rae1 Bg6 32. Re7 Bf7 33. a4 b6 34.
Rxc7 a5 35. b5 Bd5 36. Ree7 g5 37. Rg7+ Kh8 38. Rxg5 Rxg5 39. Bxg5 Rf8 40. Bf4
Re8 41. Kf2 Kg8 42. Rd7 Bf7 43. Rd6 Bh5 44. Rxb6 Bd1 45. Ra6 Bxa4 46. Rxa5 Bd1
47. c4 Rd8 48. Nc6 1-0

[Event "IX Open Primavera"]
[Site "Robecchetto con Induno ITA"]
[Date "2012.05.03"]
[Round "4"]
[White "Koureas, Panicos"]
[Black "Merlotti, Marco"]
[Result "0-1"]
[WhiteElo "1393"]
[BlackElo "1734"]
[PlyCount "80"]
[EventDate "2012.04.12"]

1. e4 e5 2. Nf3 Nc6 3. d4 exd4 4. Bc4 Bc5 5. c3 Nf6 6. cxd4 Bb4+ 7. Nbd2 Nxe4
8. O-O Nxd2 9. Bxd2 Bxd2 10. Qxd2 O-O 11. Rad1 d5 12. Bb5 Ne7 13. h3 c6 14. Ba4
Bf5 15. Rfe1 Re8 16. Bc2 Bxc2 17. Qxc2 Ng6 18. Rxe8+ Qxe8 19. Re1 Qd7 20. Ne5
Nxe5 21. Rxe5 Re8 22. Qe2 Re6 23. Qg4 Qe7 24. Qf4 Rxe5 25. dxe5 h6 26. Qd4 b6
27. f4 Qc5 28. Qxc5 bxc5 29. Kf1 f6 30. exf6 g5 31. f5 Kf7 32. g4 c4 33. Ke2 d4
34. Kf3 Kxf6 35. Ke4 c5 36. b4 d3 37. Ke3 cxb4 38. Kd2 a5 39. Kc1 a4 40. Kd2 a3
0-1

[Event "IX Open Primavera"]
[Site "Robecchetto con Induno ITA"]
[Date "2012.05.03"]
[Round "4"]
[White "Libutti, Michele"]
[Black "Crestani, Sandro"]
[Result "0-1"]
[WhiteElo "1752"]
[BlackElo "1670"]
[PlyCount "118"]
[EventDate "2012.04.12"]

1. d4 f5 2. c4 e6 3. g3 Nf6 4. Bg2 d5 5. Nc3 c6 6. Nf3 Na6 7. O-O Be7 8. Ne5
Nd7 9. Nf3 O-O 10. h4 h6 11. Bf4 Bf6 12. e3 dxc4 13. Nd2 Nc7 14. Nxc4 Nd5 15.
Bd6 Be7 16. Bxe7 Nxe7 17. b4 Nb6 18. Ne5 Ned5 19. Nxd5 Nxd5 20. a3 a5 21. Qb3
Qd6 22. b5 a4 23. Qc4 Nb6 24. Qd3 Rd8 25. Rfd1 Nd5 26. bxc6 bxc6 27. Rdc1 Ba6
28. Qc2 Bb5 29. Qc5 Qxc5 30. Rxc5 Rd6 31. Rac1 Rb8 32. Nxc6 Rb6 33. Ne5 g5 34.
Rb1 Be8 35. Rxb6 Nxb6 36. Rc7 f4 37. gxf4 gxf4 38. Nc4 Nxc4 39. Rxc4 fxe3 40.
fxe3 Kg7 41. Kf2 Kg6 42. Bf3 Rb6 43. Bd1 Rb2+ 44. Kf3 Bb5 45. Rb4 Bc6+ 46. Kf4
Rxb4 47. axb4 a3 48. Bb3 Bd5 49. Bxd5 exd5 50. Ke5 a2 51. Kxd5 a1=Q 52. b5 Qc3
53. e4 Qb4 54. Kc6 Qxd4 55. b6 Qxe4+ 56. Kc7 Qxh4 57. b7 Qb4 58. b8=Q Qxb8+ 59.
Kxb8 Kf5 0-1

[Event "IX Open Primavera"]
[Site "Robecchetto con Induno ITA"]
[Date "2012.05.03"]
[Round "4"]
[White "Melino, Gianluca"]
[Black "Ongaro, Andrea"]
[Result "1-0"]
[WhiteElo "1731"]
[BlackElo "1555"]
[PlyCount "67"]
[EventDate "2012.04.12"]

1. g3 Nf6 2. Bg2 d5 3. d3 c6 4. Nf3 Bg4 5. Nbd2 Nbd7 6. O-O e5 7. b3 Bc5 8. Bb2
e4 9. dxe4 dxe4 10. Nd4 Qe7 11. Nc4 O-O-O 12. c3 Nb6 13. Nxb6+ Bxb6 14. Qc2 Bh5
15. a4 Bg6 16. e3 h5 17. h4 Bxd4 18. cxd4 Bf5 19. a5 Nd5 20. a6 Nb4 21. axb7+
Qxb7 22. Qc5 Rd5 23. Qxa7 Rhd8 24. Bc3 Nd3 25. b4 f6 26. Ra5 Rxa5 27. Qxb7+
Kxb7 28. bxa5 c5 29. Rb1+ Kc7 30. dxc5 Nxc5 31. Bd4 Kc6 32. Rc1 Rd5 33. a6 Kb5
34. a7 1-0

[Event "IX Open Primavera"]
[Site "Robecchetto con Induno ITA"]
[Date "2012.05.03"]
[Round "4"]
[White "Minore, Antonino"]
[Black "Nava, Mario"]
[Result "0-1"]
[WhiteElo "1335"]
[BlackElo "1368"]
[PlyCount "74"]
[EventDate "2012.04.12"]

1. Nf3 c5 2. d3 Nc6 3. e4 e5 4. Be2 Be7 5. Nc3 Nf6 6. Bg5 Nh5 7. Bxe7 Qxe7 8.
Nd5 Qd8 9. Nd2 Nf6 10. Nxf6+ Qxf6 11. O-O Nd4 12. c3 Nxe2+ 13. Qxe2 O-O 14. Nc4
d6 15. Ne3 Kh8 16. f3 Qg6 17. g4 Be6 18. h4 f5 19. h5 Qg5 20. exf5 Bxf5 21.
Nxf5 Rxf5 22. Qg2 Rf4 23. Rae1 Raf8 24. Re3 Rxg4 25. Qxg4 Qxe3+ 26. Kg2 h6 27.
Rf2 Qxd3 28. Kg3 Qd5 29. Rg2 Qxa2 30. Kh2 Qf7 31. Rg3 Qf6 32. Kg2 a5 33. Qa4 b6
34. Qc6 Qd8 35. Qe4 Qd7 36. Kf2 Qf5 37. Rg6 Qxe4 0-1

[Event "IX Open Primavera"]
[Site "Robecchetto con Induno ITA"]
[Date "2012.05.03"]
[Round "4"]
[White "Novi', Giuseppe"]
[Black "Colombo, Maurizio"]
[Result "1-0"]
[WhiteElo "1810"]
[BlackElo "1745"]
[PlyCount "59"]
[EventDate "2012.04.12"]

1. e4 c5 2. Nf3 e6 3. d4 cxd4 4. Nxd4 a6 5. Nc3 Qc7 6. Be3 Nf6 7. Bd3 b5 8. a3
Nc6 9. O-O Ne5 10. f3 Nc4 11. Bxc4 Qxc4 12. Nce2 Qc7 13. Kh1 d5 14. exd5 Nxd5
15. Bf2 Bd6 16. Ng3 Bb7 17. Re1 O-O 18. Rc1 Bf4 19. Rb1 Rac8 20. c3 Rfd8 21.
Qc2 Nf6 22. Rbd1 Rd7 23. Qb3 Bd5 24. Qc2 Rcd8 25. Nde2 Bh6 26. Nc1 Bxc1 27.
Qxc1 Bb3 28. Rxd7 Rxd7 29. Bd4 Ne8 30. Qg5 1-0

[Event "IX Open Primavera"]
[Site "Robecchetto con Induno ITA"]
[Date "2012.05.03"]
[Round "4"]
[White "Redamante, Marzio"]
[Black "Moroni, Luca"]
[Result "1/2-1/2"]
[WhiteElo "1462"]
[BlackElo "1801"]
[PlyCount "178"]
[EventDate "2012.04.12"]

1. d4 d5 2. e3 c6 3. c4 e6 4. Nc3 Nf6 5. cxd5 exd5 6. Nf3 Nbd7 7. Be2 Bd6 8.
Qc2 O-O 9. O-O Re8 10. Bd2 Ne4 11. Bd3 f5 12. Rfd1 Ndf6 13. Be1 Bd7 14. Ne2 Nh5
15. g3 Qf6 16. Nh4 g6 17. Ng2 Ng5 18. Bc3 Nf3+ 19. Kh1 Qg5 20. Ng1 Nxh2 21.
Kxh2 Nxg3 22. f4 Nh5 23. Qf2 Qh6 24. Nh3 g5 25. Kg1 g4 26. Ng5 g3 27. Qf3 Nf6
28. Qxg3 Ng4 29. Nf3 Kh8 30. Ne5 Bxe5 31. dxe5 Qe6 32. Qh4 h6 33. Rf1 Rg8 34.
Rf3 Rg6 35. Rg3 Rag8 36. Kf1 Nxe3+ 37. Rxe3 Rxg2 38. Rae1 c5 39. Qf6+ Kh7 40.
Rh3 Rg1+ 41. Ke2 R8g2+ 42. Kd1 Rxe1+ 43. Kxe1 Qxf6 44. exf6 d4 45. Bd2 b5 46.
Rh5 Kg6 47. f7 Kxf7 48. Bxf5 Bc6 49. Rh3 h5 50. Kd1 Kf6 51. Bd3 c4 52. Be2 d3
53. Bxh5 Rg1+ 54. Be1 Be4 55. Be8 b4 56. Bb5 Bd5 57. Rh6+ Kf5 58. Rh5+ Ke4 59.
Re5+ Kd4 60. Re7 Bf3+ 61. Kc1 d2+ 62. Kxd2 Rg2+ 63. Kc1 Be4 64. Rd7+ Kc5 65.
Ba4 Rg1 66. Rc7+ Kd4 67. Rd7+ Kc5 68. Rd1 Rg2 69. Rd2 Rg1 70. Re2 Kd4 71. Bc2
Bxc2 72. Kxc2 Rf1 73. Bf2+ Kd5 74. f5 Rh1 75. f6 Rh7 76. Re7 Rh2 77. Re2 Rh7
78. Re3 Rf7 79. Re7 Rxf6 80. Bxa7 Ra6 81. Kb1 c3 82. b3 Rh6 83. Rb7 Rh1+ 84.
Kc2 Rh2+ 85. Kd3 Rd2+ 86. Ke3 Rxa2 87. Bd4 c2 88. Kd2 Kxd4 89. Rxb4+ Kd5
1/2-1/2

[Event "IX Open Primavera"]
[Site "Robecchetto con Induno ITA"]
[Date "2012.05.03"]
[Round "4"]
[White "Santarelli, Sabatino"]
[Black "Ruggeri, Igor"]
[Result "0-1"]
[WhiteElo "1614"]
[BlackElo "1533"]
[PlyCount "112"]
[EventDate "2012.04.12"]

1. e4 c5 2. f4 d6 3. Nf3 Nf6 4. Nc3 Nc6 5. Be2 g6 6. O-O Bg7 7. d4 cxd4 8. Nxd4
Bd7 9. Be3 O-O 10. Rb1 Qc8 11. Kh1 Ng4 12. Bg1 Nxd4 13. Bxd4 Nf6 14. h3 Bxh3
15. Bf3 Bg4 16. Nd5 Bxf3 17. Nxe7+ Kh8 18. Rxf3 Qg4 19. Bxf6 Bxf6 20. Qxd6 Qh4+
21. Rh3 Bxe7 22. Qd4+ Qf6 23. e5 Qc6 24. Qf2 b6 25. c3 Rad8 26. f5 gxf5 27.
Qxf5 Qg6 28. Rf1 Rd2 29. Qf3 Rxb2 30. a4 Ra2 31. Qb7 Bc5 32. Qd5 Rxa4 33. c4
Ra3 34. Rh2 Ra2 35. Qf3 Ra3 36. Qf6+ Kg8 37. Rh6 Qxf6 38. exf6 Rg3 39. Rf5 Rg6
40. Rh4 h6 41. Re4 Rg5 42. Rf3 Rh5+ 43. Rh3 Rxh3+ 44. gxh3 Kh7 45. h4 Rg8 46.
Kh2 Rg6 47. Kh3 Rxf6 48. h5 a5 49. Kg4 a4 50. Re2 a3 51. Rc2 Rf2 52. Rc1 a2 53.
Kg3 Bd4 54. Rd1 Rf6 55. Rxd4 a1=Q 56. Rd5 Qc3+ 0-1

[Event "IX Open Primavera"]
[Site "Robecchetto con Induno ITA"]
[Date "2012.05.03"]
[Round "4"]
[White "Testa, Loris"]
[Black "Barrera, Pietro"]
[Result "1-0"]
[WhiteElo "1887"]
[BlackElo "1881"]
[PlyCount "67"]
[EventDate "2012.04.12"]

1. e4 g6 2. d4 Bg7 3. Bc4 d6 4. Nf3 e6 5. O-O a6 6. a4 Nd7 7. Nc3 Ne7 8. Bg5
O-O 9. Qd2 c6 10. d5 cxd5 11. exd5 e5 12. Ne4 f6 13. Nxd6 fxg5 14. Nxc8 Rxc8
15. Bb3 Nf5 16. Nxg5 Nc5 17. Ba2 Qd6 18. b4 Nxa4 19. c4 Nd4 20. c5 Nxc5 21.
bxc5 Rxc5 22. Ne4 Rc2 23. Qxc2 Nxc2 24. Nxd6 Nxa1 25. Rxa1 b5 26. Nb7 e4 27.
Rd1 Bf6 28. d6+ Kg7 29. d7 Bd8 30. Rd6 a5 31. Re6 e3 32. fxe3 a4 33. Re8 b4 34.
Nxd8 1-0

[Event "IX Open Primavera"]
[Site "Robecchetto con Induno ITA"]
[Date "2012.05.03"]
[Round "4"]
[White "Trenti, Alessandro"]
[Black "Ragoso, Mario"]
[Result "1-0"]
[WhiteElo "1780"]
[BlackElo "1646"]
[PlyCount "81"]
[EventDate "2012.04.12"]

1. e4 e5 2. Nf3 Nc6 3. Bb5 a6 4. Ba4 Nf6 5. d3 d6 6. Bg5 Be7 7. Nc3 Be6 8. d4
exd4 9. Nxd4 Bd7 10. Bb3 h6 11. Bh4 b5 12. a3 Ne5 13. Bxf6 Bxf6 14. Nd5 c5 15.
Nxf6+ Qxf6 16. Bd5 Rb8 17. Ne2 Ng4 18. O-O Qxb2 19. c3 c4 20. Re1 O-O 21. Qd4
Nf6 22. Nf4 Nxd5 23. Nxd5 Be6 24. Nb4 Qb3 25. Nxa6 Ra8 26. Reb1 Qa4 27. Nc7
Rab8 28. Qxd6 Rfd8 29. Qe5 Bg4 30. f3 f6 31. Qf4 Qa7+ 32. Kf1 Bd7 33. Nd5 Bc6
34. Nb4 Qd7 35. Rd1 Qe8 36. Qc7 Rbc8 37. Rxd8 Rxc7 38. Nxc6 Qxd8 39. Nxd8 Rd7
40. Nc6 Kf7 41. Nd4 1-0

[Event "IX Open Primavera"]
[Site "Robecchetto con Induno ITA"]
[Date "2012.05.03"]
[Round "4"]
[White "Vada, Riccardo"]
[Black "Marchesotti, Giovanni"]
[Result "1-0"]
[WhiteElo "1440"]
[BlackElo "1572"]
[PlyCount "87"]
[EventDate "2012.04.12"]

1. d4 Nf6 2. c4 e6 3. Nc3 Bb4 4. Nf3 c5 5. e3 O-O 6. Be2 d6 7. O-O Bxc3 8. bxc3
Nc6 9. Qc2 Qc7 10. Rd1 Rd8 11. Rb1 b6 12. d5 exd5 13. cxd5 Ne7 14. e4 h6 15.
Rb2 Ng6 16. Ne1 Re8 17. f3 a5 18. Bb5 Bd7 19. Bxd7 Nxd7 20. c4 Qd8 21. Nd3 f6
22. Qf2 Nde5 23. Nxe5 Nxe5 24. Qc2 Rb8 25. Bf4 Re7 26. Rdb1 Reb7 27. a4 g5 28.
Bd2 Qe7 29. Rb3 Qd7 30. Rb5 Nf7 31. R5b3 Qc7 32. Qc1 Kg7 33. Be1 Ne5 34. Bg3
Ra8 35. Qc2 Raa7 36. f4 Nd7 37. Re3 gxf4 38. Bxf4 Ne5 39. Rh3 Nf7 40. Rg3+ Kf8
41. h4 Qc8 42. e5 Nxe5 43. Bxh6+ Ke7 44. Rg7+ 1-0

[Event "IX Open Primavera"]
[Site "Robecchetto con Induno ITA"]
[Date "2012.05.10"]
[Round "5"]
[White "Barrera, Pietro"]
[Black "Redamante, Marzio"]
[Result "1-0"]
[WhiteElo "1881"]
[BlackElo "1462"]
[PlyCount "99"]
[EventDate "2012.04.12"]

1. d4 d5 2. Nf3 Nf6 3. Bg5 e6 4. e3 c5 5. c3 cxd4 6. exd4 Be7 7. Bd3 Qc7 8.
Nbd2 Nbd7 9. O-O h6 10. Bh4 O-O 11. Re1 Re8 12. Bg3 Qd8 13. Ne5 Nxe5 14. dxe5
Nd7 15. Nf3 Nc5 16. Bc2 b5 17. b4 Nd7 18. Qd3 Nf8 19. Qxb5 Bd7 20. Qd3 Qc7 21.
Bb3 Rac8 22. Rac1 a5 23. Qd2 Qb6 24. a3 axb4 25. axb4 Bc6 26. Bf4 Ng6 27. Be3
Qb7 28. Bd4 Rc7 29. Bc2 Rf8 30. g3 Qa6 31. Ra1 Qb7 32. h4 Ra8 33. h5 Nf8 34. g4
Be8 35. Bd3 Nh7 36. Kg2 Ng5 37. Nxg5 Bxg5 38. f4 Be7 39. g5 hxg5 40. fxg5 g6
41. Rxa8 Qxa8 42. Rh1 Bf8 43. Kg3 gxh5 44. Rxh5 f5 45. gxf6 Bxh5 46. Qg5+ Bg7
47. Qxh5 Bxf6 48. exf6 Qf8 49. f7+ Rxf7 50. Qh8# 1-0

[Event "IX Open Primavera"]
[Site "Robecchetto con Induno ITA"]
[Date "2012.05.10"]
[Round "5"]
[White "Buratti, Roberto"]
[Black "Koureas, Panicos"]
[Result "0-1"]
[WhiteElo "1726"]
[BlackElo "1393"]
[PlyCount "106"]
[EventDate "2012.04.12"]

1. e4 c5 2. d4 cxd4 3. Nf3 Nf6 4. e5 Nd5 5. Qxd4 e6 6. c4 Nc6 7. Qd1 Nde7 8.
Bd3 Ng6 9. Qe2 Qc7 10. Bxg6 hxg6 11. O-O Be7 12. Nc3 a6 13. Bf4 Na5 14. b3 b6
15. Ne4 Bb7 16. Nd6+ Bxd6 17. exd6 Qc6 18. Rac1 Qe4 19. Qxe4 Bxe4 20. Nd2 Bf5
21. f3 f6 22. g4 Bd3 23. Rfe1 g5 24. Be3 Rb8 25. Rc3 Bg6 26. c5 bxc5 27. Rxc5
Nc6 28. Rec1 Kf7 29. Nc4 Rh3 30. Kg2 Rbh8 31. Rh1 Bd3 32. Nd2 e5 33. Rc3 Be2
34. Bf2 Nb4 35. Re3 Bb5 36. a4 Bc6 37. Bg3 Nd5 38. Ree1 Nf4+ 39. Bxf4 gxf4 40.
Rc1 Ke6 41. Rc3 g5 42. a5 e4 43. Rxc6 exf3+ 44. Nxf3 dxc6 45. Rd1 R3h7 46. b4
Rb8 47. d7 Rxd7 48. Nd4+ Kf7 49. Nxc6 Rbb7 50. Ra1 Rd2+ 51. Kf1 Rbd7 52. Ra3
Rxh2 53. Nb8 Rd1# 0-1

[Event "IX Open Primavera"]
[Site "Robecchetto con Induno ITA"]
[Date "2012.05.10"]
[Round "5"]
[White "Colombo, Angelo D."]
[Black "Frignani, Alessandro"]
[Result "0-1"]
[WhiteElo "1473"]
[BlackElo "1292"]
[PlyCount "74"]
[EventDate "2012.04.12"]

1. e4 e5 2. Bc4 c6 3. Nc3 Bc5 4. Nf3 d6 5. h3 h6 6. d4 exd4 7. Nxd4 Qb6 8. Nce2
Qb4+ 9. c3 Qxc4 10. O-O Nf6 11. Qc2 O-O 12. Bf4 Re8 13. b4 Bxd4 14. Nxd4 Rxe4
15. Bxd6 Rxd4 16. Be5 Rd5 17. Bxf6 gxf6 18. Rfe1 Be6 19. Qc1 Kg7 20. Re3 Nd7
21. Qe1 Ne5 22. f4 Qxf4 23. Rg3+ Ng6 24. Rf3 Qe5 25. Qf2 Rad8 26. Re1 Rd1 27.
Rfe3 Rxe1+ 28. Qxe1 Qd5 29. Qg3 Qxa2 30. Qe1 Rd2 31. Rg3 Bd5 32. Qf1 Qc2 33.
Kh2 Be4 34. h4 h5 35. Qg1 f5 36. Rg5 Kf6 37. Kh3 Nf4+ 0-1

[Event "IX Open Primavera"]
[Site "Robecchetto con Induno ITA"]
[Date "2012.05.10"]
[Round "5"]
[White "Colombo, Maurizio"]
[Black "Melino, Gianluca"]
[Result "1/2-1/2"]
[WhiteElo "1745"]
[BlackElo "1731"]
[PlyCount "44"]
[EventDate "2012.04.12"]

1. d4 g6 2. Nf3 Bg7 3. c4 d6 4. Nc3 Nf6 5. e4 O-O 6. Be2 c6 7. O-O Bg4 8. Be3
Nbd7 9. h3 Bxf3 10. Bxf3 Qc7 11. Be2 e5 12. d5 h6 13. g4 Nh7 14. Qd2 g5 15.
dxc6 bxc6 16. Rfd1 Rfd8 17. Qxd6 Qb7 18. Qd2 Ndf8 19. Qc2 Ne6 20. Bd3 Rd7 21.
Rd2 Rad8 22. Rad1 Nhf8 1/2-1/2